000
00358nam a2200145 a 4500
005
20140414131924.0
008
101026s19uu xx 00 eng d
050
_a
ER
_b
D61 2003
100
_a
Turnbull, Stephanie
245
_a
Dinosaurs.
260
_a
New York :
_b
Scholastic ,
_c
2003.
440
_a
Usborne Beginners
999
_c
111916
_d
111916